50 rokov Svetovej únie ochrany prírody IUCN

Bibliographic Details
Format: Article
Language:Slovak
ISSN:1335-230X
Subjects:

MARC

LEADER 00000nab a2200000 a 4500
001 vtls000660579
003 SK-MaSNL
005 20260304095754.0
008 250425c1998 xo 0 slo
015 |a SNBRB1998/05-12346 
035 |a CLN000012769 
035 |a (urnnbn)urn:nbn:sk:snk:ar-006rsw 
035 |a (uuid)f730e633-cfe5-4fc5-b52a-d01cd09dee71 
035 |a urn:nbn:sk:snk-ab89d5 
040 |a SNKBUCL  |b slo  |c SNKBUCL  |e AACR2 
041 0 |a slo 
044 |a xo  |c SK 
080 |a 502.3:061.25(100)  |2 1997 
245 0 0 |a 50 rokov Svetovej únie ochrany prírody IUCN 
246 1 3 |a Päťdesiat rokov Svetovej únie ochrany prírody IUCN 
610 7 |a Svetová únia ochrany prírody  |2 snkbucl  |9 15586 
655 7 |a články z novín a časopisov  |2 snkbucl  |9 267496 
773 0 |t Národné parky  |g Roč. 2, č. 2 (1998), s. 4  |x 1335-230X 
850 |a Slovenská národná knižnica 
852 |a Slovenská národná knižnica 
958 |a article9 
958 |a OND 
992 |a RBX 
999 |c 2834328  |d 2836258